Điện Biên Phủ 170 ngày đêm bị vây hãm
v...v
Đã lưu trong:
| Tác giả chính: | |
|---|---|
| Định dạng: | Sách |
| Năm xuất bản: |
Tp.Hồ Chí Minh.
Công an Nhân dân
2004
|
| Chủ đề: | |
| Tags: |
Thêm thẻ
Không có thẻ, Hãy là người đầu tiên gắn thẻ bản ghi này!
|
| LEADER | 00655nam a2200169 4500 | ||
|---|---|---|---|
| 082 | |a 959.7041 |b B200R | ||
| 100 | |a BERGOT, ERWAN | ||
| 245 | |a Điện Biên Phủ 170 ngày đêm bị vây hãm |c ERwan Bergot; Lê Kim dịch | ||
| 260 | |a Tp.Hồ Chí Minh. |b Công an Nhân dân |c 2004 | ||
| 300 | |a 543 tr. |c 19cm | ||
| 520 | |a v...v | ||
| 653 | |a Lịch sử | ||
| 653 | |a Chiến dịch Điện Biên Phủ | ||
| 653 | |a Việt Nam | ||
| 942 | |2 ddc |c SH | ||
| 999 | |c 2883 |d 2883 | ||
| 952 | |0 0 |1 0 |2 ddc |4 0 |6 959_704100000000000_Đ115NGH |7 0 |8 900 |9 33681 |a qbu |b qbu |c D5 |d 2014-12-15 |g 59500 |o 959.7041 Đ115NGH |p 4036.C1 |r 0000-00-00 |w 2014-12-15 |y SH |0 0 |6 959_704100000000000_Đ115NGH | ||